00421nam a2200157Ia 45000010006000000050017000060080041000230410008000640820018000721000035000902450085001252600009002103000028002196500008002476540008002552264120260414150844.0260414t2006||||xx |||||||||||||| ||spa|| aESP a621.3824bB45 aBertran Albertí, EduardeAUT 0aProcesado digital de señales :bfundamentos para comunicaciones y control - II c2006 a626 páginas :c28 cm. aTCA aCET